00992nam a2200217 a 450000100100000000500170001000800410002702000160006804000250008408200150010910000240012424502190014826000990036730000360046649000140050250000730051650400320058983000230062195201130064499900170075700004388020201002045025.0140508s1986 sp ac 000 0 spa d z84000064410 aDO-SdBNPbspacBNPHU axxxxbxxxx1 aBayón, Eva97176410aContribución al conocimiento de la obra botánica de Carlos Vicioso :bapuntes biográficos, bibliografía, nombres nuevos por él propuestos o a él atribuidos y tipificación de los mismos /cEva Bayón. aMadrid :bReal Jardín Botánico,bConsejo Superior de Investigaciones Científicas,c1986. a183 p. :bil., retrs. ;c24 cm.1 aRuiziav4 aIncluye referencias bibliográficas y notas al pie de las páginas aBibliografía : p. 182-183 0aRuizia ;n4971765 001050718MOaGRbGRcCTd2014-05-08iLF1l0oxxxx xxxxp43880-10r2020-06-25w2020-06-25y1ZNo se presta c43369d43369